<?xml version="1.0" encoding="UTF-8"?>
<record
    xmlns:xsi="http://www.w3.org/2001/XMLSchema-instance"
    xsi:schemaLocation="http://www.loc.gov/MARC21/slim http://www.loc.gov/standards/marcxml/schema/MARC21slim.xsd"
    xmlns="http://www.loc.gov/MARC21/slim">

  <leader>01986nam a2200289 a 4500</leader>
  <controlfield tag="001">BRCA_5382</controlfield>
  <controlfield tag="005">20190320205044.0</controlfield>
  <controlfield tag="008">091210s1842----mx-####f#v---#000-0#spa-#</controlfield>
  <datafield tag="041" ind1=" " ind2=" ">
    <subfield code="a">spa</subfield>
  </datafield>
  <datafield tag="044" ind1=" " ind2=" ">
    <subfield code="a">mx</subfield>
  </datafield>
  <datafield tag="084" ind1=" " ind2=" ">
    <subfield code="a">DOC5</subfield>
    <subfield code="b">.M39</subfield>
    <subfield code="c">1842</subfield>
    <subfield code="p">D1995</subfield>
  </datafield>
  <datafield tag="100" ind1="1" ind2=" ">
    <subfield code="a">Maza del Campo, Tomas de la</subfield>
    <subfield code="9">13769</subfield>
  </datafield>
  <datafield tag="245" ind1="1" ind2="0">
    <subfield code="a">T&#xED;tulo de Licenciatura en Medicina a favor de Don Tomas de la Maza del Campo</subfield>
    <subfield code="c">Tomas de la Maza del Campo.</subfield>
  </datafield>
  <datafield tag="260" ind1=" " ind2=" ">
    <subfield code="a">Madrid, Espa&#xF1;a</subfield>
    <subfield code="c">1842</subfield>
  </datafield>
  <datafield tag="300" ind1=" " ind2=" ">
    <subfield code="a">[1] foja</subfield>
    <subfield code="c">42 x 60cm</subfield>
  </datafield>
  <datafield tag="500" ind1=" " ind2=" ">
    <subfield code="a">Documento autografa expedido el 3 de agosto de 1842</subfield>
  </datafield>
  <datafield tag="500" ind1=" " ind2=" ">
    <subfield code="a">T&#xED;tulo expedido a Don Tomas de la Maza del Campo a la edad de 31 a&#xF1;os, despu&#xE9;s de haber acreditado en debido forma tener requisitos prevenidos por las leyes ha sido examinado y aprobado en la Facultad de Medicina el d&#xED;a 28 de julio, se da licencia y autorizaci&#xF3;n para que libremente y sin incurrir en pena alguna pueda ejercer la citada Facultad de Medicina en los casos y cosas que a ella tocantes y conc&#xE9;rnientes, en todo el territorio de la Monarqu&#xED;a Espa&#xF1;ola en virtud de esta nuestra carta y de parte de la reina (Q. D. G.) exhortamos y requerimos a todos los jueces y dem&#xE1;s Autoridades que no le pongan ni permitan que se le ponga impedimento alguno y hagan guardar todas las honras privilegios y consideraciones que por las leyes estan concedidas a los licenciados en Medicina</subfield>
  </datafield>
  <datafield tag="500" ind1=" " ind2=" ">
    <subfield code="a">Contiene en el margen superior leyenda: LA REINA, Y EN SU AUGUSTO NOMBRE LA DIRECCI&#xD3;N GENERAL DE ESTUDIOS</subfield>
  </datafield>
  <datafield tag="500" ind1=" " ind2=" ">
    <subfield code="a">Estado de conservaci&#xF3;n: contiene manchas de acidez y roturas</subfield>
  </datafield>
  <datafield tag="500" ind1=" " ind2=" ">
    <subfield code="a">Donaci&#xF3;n del Sr. Gonzalo Tassier 10 agosto 1995</subfield>
  </datafield>
  <datafield tag="506" ind1="0" ind2=" ">
    <subfield code="a">Fondo reservado: para su consulta es necesario credencial de usuario y carta de motivos</subfield>
  </datafield>
  <datafield tag="546" ind1=" " ind2=" ">
    <subfield code="a">Texto en espa&#xF1;ol de mediados del siglo XIX</subfield>
  </datafield>
  <datafield tag="600" ind1="1" ind2="4">
    <subfield code="a">Maza del Campo, Tomas de la</subfield>
    <subfield code="9">13769</subfield>
  </datafield>
  <datafield tag="651" ind1=" " ind2="4">
    <subfield code="a">Espa&#xF1;a</subfield>
    <subfield code="v">Impreso con r&#xFA;bricas</subfield>
    <subfield code="x">Historia</subfield>
    <subfield code="y">Restauraci&#xF3;n Borb&#xF3;nica, 1814-1868</subfield>
    <subfield code="9">13770</subfield>
  </datafield>
  <datafield tag="902" ind1=" " ind2=" ">
    <subfield code="a">DDH</subfield>
  </datafield>
  <datafield tag="942" ind1=" " ind2=" ">
    <subfield code="2">lcc</subfield>
    <subfield code="c">D</subfield>
  </datafield>
  <datafield tag="999" ind1=" " ind2=" ">
    <subfield code="c">5076</subfield>
    <subfield code="d">5076</subfield>
  </datafield>
  <datafield tag="952" ind1=" " ind2=" ">
    <subfield code="0">0</subfield>
    <subfield code="1">0</subfield>
    <subfield code="4">0</subfield>
    <subfield code="7">0</subfield>
    <subfield code="a">BRCA</subfield>
    <subfield code="b">BRCA</subfield>
    <subfield code="d">2010-12-09</subfield>
    <subfield code="l">0</subfield>
    <subfield code="o">DOC5 .M39 1842 D1995</subfield>
    <subfield code="p">5817</subfield>
    <subfield code="r">2019-03-22 00:00:00</subfield>
    <subfield code="w">2019-03-22</subfield>
    <subfield code="y">D</subfield>
  </datafield>
</record>
